Catálogo
 En Linea

Almanach Hachette;. (Registro nro. 1239)

Detalles MARC
000 -CABECERA
campo de control de longitud fija 00494nas a2200169u| 4500
001 - NÚMERO DE CONTROL
campo de control 000001301
005 - FECHA Y HORA DE LA ÚLTIMA TRANSACCIÓN
campo de control 20200929145533.0
008 - DATOS DE LONGITUD FIJA--INFORMACIÓN GENERAL
campo de control de longitud fija 810114m1898 fr fre
010 ## - NÚMERO DE CONTROL DE LA BIBLIOTECA DEL CONGRESO
Número de control de LC unk80007551
040 ## - FUENTE DE LA CATALOGACIÓN
Centro catalogador/agencia de origen DO-SdBNP
Lengua de catalogación spa
Centro/agencia transcriptor BNPHU
245 00 - MENCIÓN DE TÍTULO
Título Almanach Hachette;.
260 ## - PUBLICACIÓN, DISTRIBUCIÓN, ETC.
Lugar de publicación, distribución, etc. Paris,
Fecha de publicación, distribución, etc. 1898-.
300 ## - DESCRIPCIÓN FÍSICA
Extensión p. cm.
310 ## - PERIODICIDAD ACTUAL
Periodicidad actual Unknown
590 ## - NOTA LOCAL (RLIN)
Nota local PREMARC/SERLOC merged record
890 ## -
-- Almanach Hachette; petite encyclopedie populaire de la vie pratique. Edition simple.
-- sv90-15980
Existencias
Estado de retiro Estado de pérdida Restricciones de uso No para préstamo Código de colección Localización permanente Ubicación/localización actual Ubicación en estantería Fecha de adquisición Número de inventario Total de préstamos Signatura topográfica completa Código de barras Fecha visto por última vez Precio válido a partir de Tipo de ítem Koha
    Préstamo interno   Monografías: Libros y Folletos General General Depósito 22.09.2009 LF1   1301-10 25.06.2020 25.06.2020 Préstamo interno

Con tecnología Koha